00000000cam 2200000zi 4500
0019.958761
003CaOODSP
00520260323153759
006m     o  d f      
007cr cn|||||||||
008260106e202601##onca    ob   f000 0 fre d
020 |a9780660979014
040 |aCaOODSP|bfre|erda|cCaOODSP
043 |an-cn---
0861 |aH129-107/2026F-PDF
24502|aL'évaluation des risques pour les sites contaminés fédéraux au Canada : |bvue d'ensemble des documents d'orientation de Santé Canada concernant l'évaluation des risques pour la santé humaine des sites contaminés fédéraux.
24617|aVue d'ensemble des documents d'orientation de Santé Canada concernant l'évaluation des risques pour la santé humaine des sites contaminés fédéraux
250 |aVersion 2.0.
264 1|aOttawa (Ontario) : |bSanté Canada = Health Canada, |cjanvier 2026.
264 4|c©2026
300 |a1 ressource en ligne (v, 25 pages) : |billustrations en couleur
336 |atexte|btxt|2rdacontent/fre
337 |ainformatique|bc|2rdamedia/fre
338 |aressource en ligne|bcr|2rdacarrier/fre
500 |aPublié aussi en anglais sous le titre : Federal contaminated site risk assessment in Canada: overview of Health Canada guidance documents related to human health risk assessment of federal contaminated sites.
500 |aTitre de la couverture.
500 |a« Pub. : 250419 » -- Verso de la couverture.
504 |aComprend des références bibliographiques (pages 24-25).
520 |a« Le présent document a pour but de fournir un résumé du contenu et des applications possibles des divers documents d'orientation technique élaborés par Santé Canada (SC) pour évaluer les risques potentiels à la santé humaine posés par les sites contaminés fédéraux au Canada. Il vise à aider les évaluateurs de risques dans la prise de décisions sur les milieux environnementaux à évaluer et sur les documents d'orientation technique à prendre en considération à un site en particulier. … » -- But, page i.
650 6|aSites contaminés|xAspect sanitaire|zCanada.
650 6|aSites contaminés|xÉvaluation du risque|zCanada.
650 6|aRisques pour la santé|xÉvaluation|zCanada.
7101 |aCanada. |bSanté Canada, |eorganisme de publication.
77508|tFederal contaminated site risk assessment in Canada : |w(CaOODSP)9.958760
795 |tL'évaluation des risques pour les sites contaminés fédéraux au Canada : |b[Version 1.0]|w(CaOODSP)9.893892
85640|qPDF|s525 Ko|uhttps://publications.gc.ca/collections/collection_2026/sc-hc/H129-107-2026-fra.pdf
8564 |qHTML|sS.O.|uhttps://www.canada.ca/fr/sante-canada/services/sante-environnement-milieu-travail/rapports-publications/lieux-contamines/evaluation-risques-sites-contamines-federaux-vue-ensemble.html
986 |a250419